000 00777nam a2200253 a 4500
001 000003196
003 DO-SdBNP
005 20240529132238.0
007 ta
008 090707s2009 dr 001 p spa d
020 _a9789945162837
040 _aDO-SdBNP
_bspa
_cBNPHU
082 _a861.5
_bP324r
_222
100 _aPaula, Hermes De,
_d1974-
_910099
245 1 3 _aEl reloj marca su agonía /
_cHermes De Paula ; ilus. Javier Villamán
260 _aSanto Domingo :
_bBúho,
_c2009.
300 _a69 p. ;
_c22 cm.
590 _aInventariado, 2019 / DG
650 0 _aPoesía dominicana
_978060
650 0 _aLiteratura dominicana.
_967
700 1 _aVillamán, Javier
_eilustrador de portada
_981304
910 _aValidado. Control de calidad MMOLINA
942 _2ddc
_cLBS1
999 _c3027
_d3027